000 01287nam0a2200301 4500
001 RU\NLR\bibl\436196
005 20260408183921.0
021 _aRU
_b2003-43557
_92074
035 _a(NLR Aleph) 000429988
090 _a748308
_c748308
100 _a20030915d2003 u y0rusy50 ca
101 0 _arus
102 _aRU
105 _ay |||||||||
200 1 _aАнализ политического риска
_eУчеб. пособие
_fГ.И. Плясуля
_gРос. акад. гос. службы при Президенте Рос. Федерации. Сиб. акад. гос. службы
210 _aНовосибирск
_cСибАГС
_d2003
215 _a81, [1] с.
_d21
320 _aБиблиогр.: с. 81 (10 назв.)
606 _aРиск (полит.)
_jРуководства, пособия и т.п.
_3RU\NLR\auth\661076035
_91743176
606 _aРиск (полит.)
_jУчебные издания
_3RU\NLR\auth\661076035
_91743176
686 _aФ01я7
700 1 _4070
_aПлясуля
_bГ. И.
_cканд. филос. наук
_gГалина Ивановна
_9212882
_3RU\NLR\AUTH\770212938
801 0 _aRU
_bNLR
_c20030915
_gPSBO
801 1 _aRU
_bNLR
_c20030915
942 _cBOOK
980 _aNB